000 00930nam a2200277 i 4500
001 bg
245 0 0 _aSłownik hydrogeologiczny /
_cTatiana Bocheńska [et al.] ; red. naukowa Jan Dowgiałło [et al.] ; Ministerstwo Środowiska.
250 _aWyd. 2.
260 _aWarszawa :
_bPańst. Instytut Geologiczny,
_c2002.
300 _a460, [1] s. :
_bil. ;
_c24 cm.
504 _aBibliogr. Indeks.
650 9 _aHydrogeologia
_xterminologia
650 9 _aSłownik wielojęzyczny
655 _aSłowniki
700 1 _aDOWGIAŁŁO, Jan.
_eRed.
700 1 _aBOCHEŃSKA, Tatiana
710 0 _aPolska
_bMinisterstwo Środowiska
020 _a8386986573
040 _cBPK
041 0 _apol
080 _a556.3(038)=00
920 _a83-86986-57-3
942 _cKS
008 s pl f |000 0 pol
999 _c42581
_d42581
856 _uhttp://koha.tu.koszalin.pl/cgi-bin/koha/opac-detail.pl?biblionumber=42581
_yKatalog online BPK